| 000 | 00697nam a22002177a 4500 | ||
|---|---|---|---|
| 999 |
_c13054 _d13054 |
||
| 003 | AR-CdUCM | ||
| 008 | 190411b ||||| |||| 00| 0 spa d | ||
| 040 |
_aMUNICIPALIDAD PROVINCIAL DEL CUSCO _cBIBLIOTECA MUNICIPAL DEL CUSCO |
||
| 082 |
_aC / 391.61 / _bV61 |
||
| 100 |
_aVidal de Milla, Delia _924007 |
||
| 245 | _aDocumental de la historia de la "Linea cusqueña" / | ||
| 260 |
_aCusco : _c1969. |
||
| 300 |
_bFotografias. _c32 cm. |
||
| 500 | _aNo contiene numeración de paginas. | ||
| 505 | _aContenido: Moda cusqueña. | ||
| 650 |
_aLinea Comercial _931238 |
||
| 650 |
_aModa cusqueña _931239 |
||
| 650 |
_aModa peruana _931240 |
||
| 942 |
_2ddc _cLIBROS |
||
| 945 |
_adavv _d10/04/2019 |
||